The impact of cell phone towers on house prices in residential neighborhoods (Record no. 75966)

MARC details
000 -LEADER
fixed length control field 01251cab a2200181 4500
001 - CONTROL NUMBER
control field ##L131141
008 - FIXED-LENGTH DATA ELEMENTS--GENERAL INFORMATION
fixed length control field 051004n2005 000 0 eng u
035 ## - SYSTEM CONTROL NUMBER
System control number (Sirsi) u131141
041 0# - LANGUAGE CODE
Language code of text/sound track or separate title eng
100 1# - MAIN ENTRY--PERSONAL NAME
Personal name Bond, Sandy
245 04 - TITLE STATEMENT
Title The impact of cell phone towers on house prices in residential neighborhoods
260 ## - PUBLICATION, DISTRIBUTION, ETC.
Date of publication, distribution, etc. 2005
490 #4 - SERIES STATEMENT
Series statement The Appraisal Journal
Volume/sequential designation 73(3) Summer 2005, 256-277(22)
520 ## - SUMMARY, ETC.
Summary, etc. This article examines whether nearness to Cellular Phone Base Stations (CPBSs) has an impact on residential property values and the extent of any such impact. A survey of residents' perceptions towards living near CPBSs in ten suburbs of Christchurch, New Zealand, revealed that, overall, the respondents would pay from 10% to over 20% less for a property situated in close proximity to a CPBS. These results were confirmed by actual market sales analysis, which showed that property prices declined by 21% after a CPBS was erected in the area. This is despite the fact that no conclusive scientific evidence exists that emissions from CPBSs have harmful effects. Contains maps and statistical tables.
690 ## - LOCAL SUBJECT ADDED ENTRY--TOPICAL TERM (OCLC, RLIN)
Topical term or geographic name as entry element PROPERTY-RESIDENTIAL PROPERTY-RESIDENTIAL PROPERTY APPRAISAL AND VALUATION
700 ## - ADDED ENTRY--PERSONAL NAME
Personal name Wang, Ko-Kang
942 ## - ADDED ENTRY ELEMENTS (KOHA)
Suppress in OPAC 0
Holdings
Withdrawn status Lost status Source of classification or shelving scheme Damaged status Not for loan Home library Current library Shelving location Date acquired Total Checkouts Full call number Barcode Date last seen Copy number Price effective from Koha item type
    Dewey Decimal Classification     London London Journal article 04/10/2005   L131141 131141-1001 06/08/2019 1 06/08/2019 Journal article